00447nam a2200145Ia 4500008004100000100002000041245009000061260001100151300002100162440003300183521000900216650002200225650003400247650002000281140626s9999 xx 000 0 und d aMandic, Carmen. aReadability of special education procedural safeguards /cCarmen Mandic ... [et al.]. cc2011. a45 : 4, page 195 aJournal of Special Education aSPED aDiversity issues. aParent-teacher collaboration. aPolicy and law.